000 00396 a2200121 4500
005 20260303154358.0
008 260303b |||||||| |||| 00| 0 eng d
020 _a9789354324338
100 _aAlexander Jacob
245 _aCharithram mattimaricha prasangangal(ചരിത്രം മാറ്റിമറിച്ച പ്രസംഗങ്ങൾ)
260 _bD C books
_c2025
942 _cOO
999 _c115362
_d115361